Movies Quiz

Random Movies or Disney Quiz

Disney Characters Falling Quiz Stats

Quiz Updated Nov 18, 2017

Challenge
Share
Tweet
Score 0/18 Timer 05:00
8 Plays Today
% Correct
Captain Hook (Peter Pan)
97.1%
Scar (The Lion King)
96%
Gaston (Beauty and the Beast)
90.7%
The Evil Queen (Snow White and the Seven Dwarfs)
88.6%
Hans Westergaard (Frozen)
83.8%
Maleficent (Sleeping Beauty)
81.6%
Hiro and Baymax (Big Hero 6)
77.4%
Lucifer (Cinderella)
69.3%
Judge Claude Frollo (The Hunchback of Notre Dame)
68.8%
% Correct
Officer Judy Hopps and Nick Wilde (Zootopia)
66.9%
Mother Gothel (Tangled)
65.1%
Hades (Hercules)
57.2%
Cecil Clayton (Tarzan)
54.2%
Willie the Giant (Fun and Fancy Free)
52.8%
Yzma (The Emperor's New Groove)
47.9%
Professor Ratigan (The Great Mouse Detective)
45.1%
Helga Sinclair (Atlantis: The Lost Empire)
32.3%
Percival C. McLeach (The Rescuers Down Under)
28.2%

You're not logged in!

Compare scores with friends on all Sporcle quizzes.
Sign Up with Email
OR
Log In

You Might Also Like...

Show Comments

Extras

Top Quizzes Today


Score Distribution

Your Account Isn't Verified!

In order to create a playlist on Sporcle, you need to verify the email address you used during registration. Go to your Sporcle Settings to finish the process.

Report this User

Report this user for behavior that violates our Community Guidelines.

Details: